000 02362cam a22004934i 4500
003 PE-LiUPU
005 20250731172940.0
008 150623s r 000 0 d
020 _a0931464390
035 _a(Sirsi) i9780931464393
040 _aPE-LiUPU
_bspa
_cPE-LiUPU
_erda
049 _aPRUA
082 0 4 _a291.84
_bR75
_221
245 0 0 _aReligion and law Biblical-Judaic and islamic perspectives /
_ceditado por Edwin B. Firmage, Bernard G. Weiss, John W. Welch.
264 1 _aWinona Lake :
_bEisenbrauns,
_c1990.
300 _a401 páginas ;
_c24 centímetros
336 _atext
_2rdacontent
337 _aunmediated
_2rdamedia
338 _avolume
_2rdacarrier
505 0 _aThe decalogue: its significance, uniqueness, and place in Israel's tradition. -Covenant and law in islam. -The suzerainty treaty structure: thirty years later. -Biblical attitudes toward power: ideal and reality in law and prophets. -Reflections on postulates: power and ancient laws-a response to moshe greenberg. -Spirituality and Jewish law. -When Is a law a law? The case of Jesus and Paul. -Ethics and Ritual: The foundations of the biblical dietary laws. -Observations on the ethical foundations of the biblical dietary laws: a response to Jacob Milgrom. -Ethical domensions of Islamic ritual law. -Another perspective on ethics in Islamic law and ritual: a response to frederick Denny. -Law and grace in Islam. -Beyond the law. -Legalism and spirituality.
526 _aSEG42
526 _aSEG41
526 _aSEG40
526 _aSEG39
526 _aP94
526 _aP87
526 _aP86
526 _aP85
526 _aP77
526 _aP76
526 _aP35
630 _aBiblia.
_pA.T.
_xCrítica, interpretación, etc.
650 0 4 _aLey (Teología)
_xEnseñanza bíblica.
650 0 4 _aLey islámica.
700 1 _aFirmage, Edwin B.,
_eed.
700 1 _aWeiss, Bernard G.,
_eed.
700 1 _aWelch, John W.,
_eed.
942 _2ddc
_cBOOK
949 _a291.84 R75
_wDEWEY
_c1
_i44550
_lCCODEBUL1
_mBUL
_r0
_sY
_tBOOK
_u2015-6-24
_xTEOLOGIA
_PP35
_0COMPRA
_o.STAFF. Colección General
994 _aC0
_bPEPRU
596 _a1
999 _a291.84 R75
_wDEWEY
_c21435
_i44550
_f2021-11-11
_g5
_lCCODEBUL1
_mBUL
_r0
_sY
_tBOOK
_u2015-6-24
_xTEOLOGIA
_PP35
_0COMPRA
_o.STAFF. Colección General
_d21435
980 _81
_gALBERTO SANCHEZ Responsable de Automatización